| Tag |
First Indicator |
Second Indicator |
Subfields |
| LEADER |
00000cam a2200000 a 4500 |
| 001 |
in00000008376 |
| 005 |
20151003050038.0 |
| 008 |
870409s1987 paua b f10000 eng d |
| 035 |
|
|
|a (OCoLC)15507585
|
| 035 |
|
|
|9 AAA0763AM
|
| 040 |
|
|
|a EEM
|c EEM
|d m/c
|d VPI
|d TXA
|d UtOrBLW
|
| 050 |
|
4 |
|a SB608.F63
|b P7 1987
|
| 245 |
0 |
0 |
|a Proceedings of an international symposium on establishment of forage crops by conservation-tillage--pest management :
|b Sheraton-Penn State, State College, Pennsylvania, June 15-19, 1986 /
|c edited by R.R. Hill, Jr. ... [et al.].
|
| 264 |
|
1 |
|a University Park, Pa. :
|b United States Regional Pasture Research Laboratory,
|c 1987.
|
| 300 |
|
|
|a xiv, 145 pages :
|b illustrations ;
|c 21 cm.
|
| 336 |
|
|
|a text
|b txt
|2 rdacontent
|
| 337 |
|
|
|a unmediated
|b n
|2 rdamedia
|
| 338 |
|
|
|a volume
|b nc
|2 rdacarrier
|
| 500 |
|
|
|a "A Joint Contribution of the United States Department of Agriculture, Agricultural Research Service, U.S. Regional Pasture Research Laboratory and the College of Agriculture, The Pennsylvania State University ..."
|
| 504 |
|
|
|a Includes bibliographies.
|
| 650 |
|
0 |
|a Forage plants
|x Diseases and pests
|x Congresses.
|
| 650 |
|
0 |
|a Forage plants
|x Congresses.
|
| 650 |
|
0 |
|a Conservation tillage
|x Congresses.
|
| 700 |
1 |
|
|a Hill, R. R.
|q (Richard Ray),
|d 1936-
|
| 710 |
2 |
|
|a United States Regional Pasture Research Laboratory (University Park, Pa.)
|
| 710 |
2 |
|
|a Pennsylvania State University.
|b College of Agriculture.
|
| 740 |
3 |
|
|a An international symposium on establishment of forage crops by conservation-tillage--pest management.
|
| 740 |
0 |
|
|a Pest management.
|
| 999 |
|
|
|a MARS
|
| 999 |
f |
f |
|s a4f4810c-4b41-3f86-977d-bc9147ce2bfd
|i 90e654d5-b123-3b1d-a841-46b317bcd824
|t 0
|
| 952 |
f |
f |
|p ric
|a Texas A&M University
|b Rellis Campus
|c Joint Library Facility
|d Remote Storage
|t 0
|e SB608.F63 P7 1987
|h Library of Congress classification
|i unmediated -- volume
|m A14812617323
|
| 998 |
f |
f |
|a SB608.F63 P7 1987
|t 0
|l Remote Storage
|